| 000 | 00992 a2200217 4500 | ||
|---|---|---|---|
| 005 | 20080911160758.0 | ||
| 008 | 080911t xxu||||| |||| 00| 0 hin d | ||
| 010 | _aHIN-79743 | ||
| 020 |
_a8177111418 _c100.00 |
||
| 035 | _aHN-52089 | ||
| 037 | _bD.B.Act / pub | ||
| 082 | _a423 | ||
| 100 | _aशर्मा, संदीप | ||
| 245 |
_aशब्द परिचय _cसंदीप शर्मा |
||
| 246 |
_aShabad Parichey _bby Sandeep Sharma |
||
| 260 |
_aजयपुर _bसाहित्यागार _c2007 |
||
| 270 |
_aधामाणी मार्केट की गली, चौड़ा रास्ता _bजयपुर |
||
| 300 |
_a104पृ _c22 सेमी (सजिल्द) |
||
| 942 |
_adpl _cHN _k423 / शर्मासं _2ddc _h423 _mशर्मासं |
||
| 999 |
_c3565 _d3565 |
||